| 000 | 00482ntaaa2200181 4500 | ||
|---|---|---|---|
| 003 | 01 | ||
| 005 | 20251027202952.0 | ||
| 008 | 0714s1973 ag 01 | ||
| 040 |
_aAR-BaBN _bspa _cAR-BaBN _eaacr _dRIC |
||
| 082 | _a973.0000 J98 | ||
| 100 |
_aJusto, Juan B _930567 |
||
| 245 | _aEn los Estados Unidos | ||
| 250 | _a1 ed. | ||
| 260 |
_aBuenos Aires : _bEditorial "La Vanguardia", _c1928 |
||
| 300 | _a87 p | ||
| 500 | _aApuntes escritos en 1895 para un periódico obrero | ||
| 942 | _cBK | ||
| 999 |
_c25050 _d25050 |
||